| 000 | 00784cam a2200241 a 4500 | ||
|---|---|---|---|
| 001 | 2600135 | ||
| 005 | 20180222040023.0 | ||
| 008 | 971104s1998 mdua b 001 0 eng c | ||
| 010 | _a 97045221 | ||
| 020 | _a0834206595 | ||
| 040 |
_aDNLM/DLC _cDLC _dDLC |
||
| 041 | _aeng | ||
| 060 | 1 | 0 | _aWG 120 L113e 1998 |
| 080 | _a614.591 | ||
| 082 | 0 | 0 |
_a614.591 LAB _221 |
| 100 | 1 | _a7 | |
| 101 | _aKAR | ||
| 245 | 1 | 0 |
_aEpidemiology and prevention of cardiovascular diseases : _cDarwin R. Labarthe. |
| 504 | _aIncludes bibliographical references and index. | ||
| 906 |
_a7 _bcbc _corignew _d1 _eocip _f19 _gy-gencatlg |
||
| 942 |
_2ddc _cBK |
||
| 999 |
_c43133 _d43133 |
||